| 000 | 01332nam a2200349Ia 4500 | ||
|---|---|---|---|
| 001 | ebr10159609 | ||
| 003 | CaPaEBR | ||
| 006 | m u | ||
| 007 | cr cn||||||||| | ||
| 008 | 900529s1990 mnuab s 000 0 eng d | ||
| 010 | _z 90061838 | ||
| 020 | _z9780938586333 | ||
| 020 | _z0938586335 | ||
| 040 |
_aCaPaEBR _cCaPaEBR |
||
| 035 | _a(OCoLC)191953346 | ||
| 050 | 1 | 4 |
_aGV776.15.A2 _bA53 1990eb |
| 100 | 1 |
_aAnderson, Scott, _d1965- |
|
| 245 | 1 | 0 |
_aDistant fires _h[electronic resource] / _cby Scott Anderson ; with illustrations by Les C. Kouba. |
| 260 |
_aDuluth, MN : _bPfeifer-Hamilton, _cc1990. |
||
| 300 |
_a156 p. : _bill., maps. |
||
| 533 |
_aElectronic reproduction. _bPalo Alto, Calif. : _cebrary, _d2009. _nAvailable via World Wide Web. _nAccess may be limited to ebrary affiliated libraries. |
||
| 600 | 1 | 0 | _aBaker, Stephen Egan. |
| 600 | 1 | 0 |
_aAnderson, Scott, _d1965- |
| 650 | 0 |
_aCanoes and canoeing _zCanada. |
|
| 650 | 0 |
_aCanoes and canoeing _zMinnesota. |
|
| 651 | 0 |
_aCanada _xDescription and travel. |
|
| 651 | 0 |
_aMinnesota _xDescription and travel. |
|
| 655 | 7 |
_aElectronic books. _2local |
|
| 700 | 1 |
_aKouba, Leslie C., _d1917- |
|
| 710 | 2 | _aebrary, Inc. | |
| 856 | 4 | 0 |
_uhttp://site.ebrary.com/lib/rucke/Doc?id=10159609 _zAn electronic book accessible through the World Wide Web; click to view |
| 999 |
_c134254 _d134254 |
||